Statistics for Muse Explorers Lyrics

Click here to take the quiz!

General Stats

  • This quiz has been taken 8 times
  • The average score is 159 of 216

Answer Stats

Answer% Correct
A
100%
a
100%
And
100%
and
100%
Don't
100%
don't
100%
for
100%
hope
100%
I
100%
in
100%
me
100%
the
100%
to
100%
To
100%
you
100%
be
83%
can
83%
Can
83%
free
83%
Free
83%
give
83%
Hear
83%
hoped
83%
mistake
83%
new
83%
Once
83%
or
83%
There's
83%
This
83%
this
83%
we
83%
We
83%
belong
67%
Cause
67%
from
67%
Go
67%
here
67%
left
67%
my
67%
nature's
67%
nothing
67%
seek
67%
soul
67%
when
67%
Who
67%
will
67%
win?
67%
With
67%
world
67%
all
50%
black
50%
But
50%
feeling
50%
fields
50%
glow
50%
I'll
50%
imprisoning
50%
is
50%
It
50%
none
50%
our
50%
Our
50%
overrun
50%
planet's
50%
re-routed
50%
rivers
50%
Running
50%
running
50%
South
50%
through
50%
unknown
50%
Walk
50%
was
50%
wild
50%
around
33%
By
33%
caged
33%
circles
33%
concede
33%
crops
33%
doubt
33%
drought
33%
endless
33%
engines
33%
Fuse
33%
gold's
33%
helium-3
33%
land
33%
last
33%
lush
33%
owned
33%
roar
33%
rules
33%
save
33%
sleep
33%
souls
33%
They'll
33%
us
33%
bloom
17%

Score Distribution

Percentile by Number Answered

Percent of People with Each Score

Your Score History

You have not taken this quiz